<?xml version="1.0" encoding="UTF-8"?>
<record
    xmlns:xsi="http://www.w3.org/2001/XMLSchema-instance"
    xsi:schemaLocation="http://www.loc.gov/MARC21/slim http://www.loc.gov/standards/marcxml/schema/MARC21slim.xsd"
    xmlns="http://www.loc.gov/MARC21/slim">

  <leader>02907cam a2200313 i 4500</leader>
  <controlfield tag="001">12467901</controlfield>
  <controlfield tag="005">20260306125127.0</controlfield>
  <controlfield tag="008">220210t20222022nyu    e      000 0 eng d</controlfield>
  <datafield tag="020" ind1=" " ind2=" ">
    <subfield code="a">9780143136439</subfield>
    <subfield code="q">(paperback)</subfield>
  </datafield>
  <datafield tag="020" ind1=" " ind2=" ">
    <subfield code="a">0143136437</subfield>
    <subfield code="q">(paperback)</subfield>
  </datafield>
  <datafield tag="024" ind1=" " ind2=" ">
    <subfield code="a">99992623700</subfield>
  </datafield>
  <datafield tag="035" ind1=" " ind2=" ">
    <subfield code="a">(OCoLC)on1296116911</subfield>
  </datafield>
  <datafield tag="035" ind1=" " ind2=" ">
    <subfield code="a">(CaBVaU)12467901</subfield>
  </datafield>
  <datafield tag="040" ind1=" " ind2=" ">
    <subfield code="a">YDX</subfield>
    <subfield code="b">eng</subfield>
    <subfield code="c">YDX</subfield>
    <subfield code="e">rda</subfield>
    <subfield code="d">TOH</subfield>
    <subfield code="d">AZH</subfield>
    <subfield code="d">UKMGB</subfield>
    <subfield code="d">OCLCF</subfield>
    <subfield code="d">JCX</subfield>
    <subfield code="d">GO6</subfield>
    <subfield code="d">ILC</subfield>
    <subfield code="d">IUO</subfield>
    <subfield code="d">VP@</subfield>
    <subfield code="d">BKL</subfield>
    <subfield code="d">CPO</subfield>
    <subfield code="d">RNL</subfield>
    <subfield code="d">NhCcYME</subfield>
    <subfield code="d">UtOrBLW</subfield>
  </datafield>
  <datafield tag="041" ind1=" " ind2=" ">
    <subfield code="a">English</subfield>
  </datafield>
  <datafield tag="050" ind1="0" ind2="0">
    <subfield code="a">HT1563</subfield>
    <subfield code="b">.J33 2022</subfield>
  </datafield>
  <datafield tag="100" ind1=" " ind2=" ">
    <subfield code="a">Jackson, Regina, - 1950-</subfield>
    <subfield code="9">26830</subfield>
  </datafield>
  <datafield tag="245" ind1="1" ind2="0">
    <subfield code="a">White women </subfield>
    <subfield code="b">: everything you already know about your own racism and how to do better </subfield>
    <subfield code="c">/ Regina Jackson and Saira Rao.</subfield>
  </datafield>
  <datafield tag="264" ind1=" " ind2="1">
    <subfield code="a">[New York] :</subfield>
    <subfield code="b">Penguin Random House LLC,</subfield>
    <subfield code="c">[2022]</subfield>
  </datafield>
  <datafield tag="300" ind1=" " ind2=" ">
    <subfield code="a">xlvii, 173 pages ;</subfield>
    <subfield code="c">20 cm</subfield>
  </datafield>
  <datafield tag="505" ind1=" " ind2=" ">
    <subfield code="a">Your Quest for Perfection Is Killing Us. And You. &#x2014; White Feminism: The Lie That Binds You &#x2014; Niceness Is Not Kindness &#x2014; White Women Love to Police Tone &#x2014; White Women Weaponize Their Tears &#x2014; White Women and Exceptionalism &#x2014; &#x201C;Microaggressions&#x201D; and How You Kill Us at Work &#x2014; White Women and White Silence &#x2014; White Women and White Solidarity &#x2014; Conclusion: Now What?</subfield>
  </datafield>
  <datafield tag="520" ind1=" " ind2=" ">
    <subfield code="a">"It's no secret that white women are conditioned to be nice, but did you know that the desire to be perfect and to avoid conflict at all costs are characteristics of white supremacy culture? As the founders of Race2Dinner, an organization which facilitates conversations between white women about racism and white supremacy, Regina Jackson and Saira Rao have noticed white women's tendency to maintain a veneer of niceness, and strive for perfection, even at the expense of anti-racism work. In this book, Jackson and Rao pose these urgent questions: how has being nice helped Black women, Indigenous women and other women of color? How has being nice helped you in your quest to end sexism? Has being nice earned you economic parity with white men? Beginning with freeing white women from this oppressive need to be nice, they deconstruct and analyze nine aspects of traditional white woman behavior--from tone-policing to weaponizing tears--that uphold white supremacy society, and hurt all of us who are trying to live a freer, more equitable life. White Women is a call to action to those of you who are looking to take the next steps in dismantling white supremacy. Your white supremacy. If you are in fact doing real anti-racism work, you will find few reasons to be nice, as other white people want to limit your membership in the club. If you are not ticking white people off on a regular basis, you are not doing it right."--</subfield>
    <subfield code="c">Provided by publisher.</subfield>
  </datafield>
  <datafield tag="650" ind1=" " ind2="0">
    <subfield code="a">Anti-racism</subfield>
    <subfield code="9">26668</subfield>
  </datafield>
  <datafield tag="650" ind1=" " ind2="0">
    <subfield code="a">Women, White - Attitudes.</subfield>
    <subfield code="9">26831</subfield>
  </datafield>
  <datafield tag="650" ind1=" " ind2="0">
    <subfield code="a">Women, White - Race identity.</subfield>
    <subfield code="9">26832</subfield>
  </datafield>
  <datafield tag="650" ind1=" " ind2="0">
    <subfield code="a">Racism</subfield>
    <subfield code="9">11980</subfield>
  </datafield>
  <datafield tag="700" ind1=" " ind2=" ">
    <subfield code="a">Rao, Saira,</subfield>
    <subfield code="e">author.</subfield>
    <subfield code="9">26833</subfield>
  </datafield>
  <datafield tag="942" ind1=" " ind2=" ">
    <subfield code="2">lcc</subfield>
  </datafield>
  <datafield tag="952" ind1=" " ind2=" ">
    <subfield code="0">0</subfield>
    <subfield code="1">0</subfield>
    <subfield code="2">lcc</subfield>
    <subfield code="4">0</subfield>
    <subfield code="7">0</subfield>
    <subfield code="a">TBS</subfield>
    <subfield code="b">TBS</subfield>
    <subfield code="d">2026-03-06</subfield>
    <subfield code="l">0</subfield>
    <subfield code="r">2026-03-06</subfield>
    <subfield code="t">1</subfield>
    <subfield code="w">2026-03-06</subfield>
    <subfield code="y">1</subfield>
    <subfield code="z">SOON AVAILABLE</subfield>
  </datafield>
  <datafield tag="999" ind1=" " ind2=" ">
    <subfield code="c">5394</subfield>
    <subfield code="d">5394</subfield>
  </datafield>
</record>
